00338nam a2200133Ia 4500008004100000041000800041082001400049100001500063245003600078250001400114260003800128300003100166365000700197240624s9999 xx 000 0 und d aeng a332.1 GUR aGURUSAMY S aBANKING THEORY LAW AND PRACTICE a(2nd ed.) c2009aNew DelhibTata McGraw-Hill axii, : 347 : p. : cm. ; 21 cRS